{"text_format":"3","workbook":"xlsx","n_sheets":2,"sheets":["2021年临江三固生产工器具采购计划","2021年临江三固生产耗材采购计划"],"not_rendered":{"defined_names":1,"comments":2},"read":"whole","date_system":"1900"}

{"sheet":"2021年临江三固生产工器具采购计划","index":0,"n_rows":42,"n_cols":13,"rows_kept":42,"hidden":true,"merged":[[0,0,0,12],[7,12,8,12],[20,3,21,3],[24,3,25,3],[24,4,25,4]]}
["2021年临江三固生产工器具采购计划                                                                    "]
["序号","采购申请部门","物资类别","采购内容","简要用途说明","要求","单位","数量","预算费用（万元）","是否预算内","计划申报时间（精确到日期）","需求时间\n（精确到日期）","备注"]
[1,"临江公司","生产工具","手动液压车","仓储/预处理、焚烧车间、水处理车间、固化/填埋车间　","1、额定负载 Q：2000kg\n2、货叉最低高度 h：85mm\n3、货叉最高高度 h1：200mm\n4、转向轮：Φ200×50mm\n6、承重轮 双轮:Φ80×70mm\n7、货叉尺寸 e×s：160×50mm\n8、货叉总宽度 B：540mm\n9、货叉长度 L：1150mm","辆",9,2.7,"是","2020-12-01","2021-02-28"]
[2,"临江公司","生产工具","手动称重液压车","仓储/预处理","1、额定负载 Q：2000kg\n2、货叉最低高度 h：85mm\n3、货叉最高高度 h1：200mm\n4、转向轮：Φ180×50mm\n6、承重轮 双轮：Φ74×70mm\n7、货叉尺寸 e×s：182×50mm\n8、货叉总宽度 B：540mm\n9、货叉长度 L：1150mm\n10、充电器：DC 1.5 V×4","辆",2,1.5,"是","2020-12-01","2021-02-28"]
[3,"临江公司","生产工具","电子平台秤","仓储/预处理","1、额定称重量（kg） ：3000\n2、显示分度值（kg）：1000\n3、台面尺寸(mm)：1500*1500\n4、秤台高度(mm)：110\n5、基本功能：清零,清皮,皮重,打印，秤台可搬动，可调水平支脚，交直两用电源。","台",2,2,"是","2020-12-01","2021-02-28"]
[4,"临江公司","生产工具","防爆开桶扳手","仓储/预处理","1、材质：铍青铜\n3、长度：520mm\n","台",5,0.2,"是","2020-12-01","2021-02-28"]
[5,"临江公司","生产工具","手动平板小推车","仓储/预处理及各车间","1、72*48cm，4寸蓝色轮子，载重400KG\n2、配刹车","台",4,0.12,"是","2020-12-01","2021-02-28"]
[6,"临江公司","生产工具","加厚塑料长方形周转箱","仓储/预处理及其他各车间","1、HDPE材质，蓝色、含盖子；\n2、外径：520*380*220mm左右；","个",10,0.06,"是","2020-12-01","2021-02-28","采购的备用刀片要和道具匹配"]
[7,"临江公司","生产工具","自缩式弹簧刀","仓储/预处理及其他各车间","1、刀片材质：高碳钢\n2、刀片长度（mm)：61\n3、刀片宽度（mm)：19\n4、刀片厚度（mm）：0.6\n5、整体长度（mm）：145\n6、整体宽度（mm）：37\n7、整体厚度（mm）：25\n世达，型号93443","把",50,0.3,"是","2020-12-01","2021-02-28"]
[8,"临江公司","生产工具","自缩式弹簧刀片","仓储/预处理及其他各车间","1、刀片材质：高碳钢\n2、刀片长度（mm)：61\n3、刀片宽度（mm)：19\n4、刀片厚度（mm）：0.6\n5、整体长度（mm）：145\n6、整体宽度（mm）：37\n7、整体厚度（mm）：25\n世达，型号93443","盒",100,0.15,"是","2020-12-01","2021-02-28"]
[9,"临江公司","生产工具","胶带机切割器","仓储/预处理及其他各车间","1、得力802通用封箱器","个",20,0.04,"是","2020-12-01","2021-02-28"]
[10,"临江公司","生产工具","工业大功率吸尘器","现场清洁/生产使用","1、按年分批次到货，具体根据实际使用及存储情况而定。\n2、工业大功率吸尘器，功率4.8KW;\n3、容量70L；\n4、操作半径〉22米；","台",2,0.5,"是","2020-12-01","2021-02-28"]
[11,"临江公司","生产工具","隔膜泵","现场生产使用","1、按年分批次到货，具体根据实际使用及存储情况而定。\n2、耐酸碱气动隔膜泵；\n3、口径DN50；\n4、材质：特氟龙+衬氟","台",6,3,"是","2020-12-01","2021-02-28"]
[12,"临江公司","生产工具","高压冲洗水枪","现场清洁/生产使用","1、按年分批次到货，具体根据实际使用及存储情况而定。\n2、150公斤压力，220V电压；","台",2,0.7,"是","2020-12-01","2021-02-28"]
[13,"临江公司","生产工具","工器具柜子","现场生产使用","1、按年分批次到货，具体根据实际使用及存储情况而定。\n2、重型多功能工器具柜，双开门铁柜；\n3、 高1800*长1000*宽500。\n4、蓝色。","只",5,1.5,"是","2020-12-01","2021-02-28"]
[14,"临江公司","生产工具","工器具挂板","现场生产使用","1、按年分批次到货，具体根据实际使用及存储情况而定。","只",40,0.2925,"是","2020-12-01","2021-02-28"]
[15,"临江公司","生产工具","安全帽放置板","现场生产使用","1、按年分批次到货，具体根据实际使用及存储情况而定。\n2、32位带支架；","只",8,1.5,"是","2020-12-01","2021-02-28"]
[16,"临江公司","生产工具","现场工器具临时放置架","现场生产使用","1、按年分批次到货，具体根据实际使用及存储情况而定。","只",5,0.15,"是","2020-12-01","2021-02-28"]
[17,"临江公司","生产工具","拖把架","现场清洁使用","1、按年分批次到货，具体根据实际使用及存储情况而定。\n2、大号托盘架（带接液盘）","只",10,1.2,"是","2020-12-01","2021-02-28"]
[18,"临江公司","生产工具","轴流风机","预处理使用","防爆轴流风机CBF-600-200V 0.75KW","台",4,0.8,"是","2020-12-01","2021-02-28"]
[19,"临江公司","生产工具","手电","安环/车间使用","强光手电，普通型","套",20,0.3,"是","2020-12-01","2021-02-28"]
[20,"临江公司","生产工具",null,"安环/车间使用","强光手电，防爆型","套",5,0.15,"是","2020-12-01","2021-02-28"]
[21,"临江公司","生产工具","工业测温枪","焚烧/物化水处理使用","测温范围：-32---550℃","套",5,0.15,"是","2020-12-01","2021-02-28"]
[22,"临江公司","生产工具","可燃/有毒气体便携式检测仪","安环/检修/车间使用","1、四合一便携式检测仪：氧气、可燃气、硫化氢、一氧化碳。\n2、防爆。","套",4,1.2,"是","2020-12-01","2021-02-28"]
[23,"临江公司","生产工具","巡检棒","车间/库房/检修巡检使用","普通型，带25巡检点","套",3,0.3,"是","2020-12-01","2021-02-28"]
[24,"临江公司","生产工具",null,null,"防爆型，带25个巡检点","套",2,0.5,"是","2020-12-01","2021-02-28"]
[25,"临江公司","生产工具","便携式溶氧仪","污水处理检测DO",null,"套",1,0.15,"是","2020-12-01","2021-02-28"]
[26,"临江公司","生产工具","铁铲","预处理库房/固化填埋使用/应急物资用","1、按年分批次到货，具体根据实际使用及存储情况而定。\n2、平头。","把",85,0.255,"是","2020-12-01","2021-02-28"]
[27,"临江公司","生产工具","洋镐","预处理生产使用","普通洋镐","把",10,0.6,"是","2020-12-01","2021-02-28"]
[28,"临江公司","生产工具","活动扳手","生产使用","10寸，世达 47251","把",10,0.04,"是","2020-12-01","2021-02-28"]
[29,"临江公司","生产工具","老虎钳","生产使用","200mm 8寸，世达70303A","把",5,0.035,"是","2020-12-01","2021-02-28"]
[30,"临江公司","生产工具","防漏托盘","生产使用","黄色 1300x1300x150mm，四桶防泄漏托盘","个",20,1.6,"是","2020-12-01","2021-02-28"]
[31,"临江公司","生产工具","卡板箱","生产使用","1000*1200*1000mm, 1210D折叠式卡板箱，HDPE材质，可四面进叉","个",10,2.2,"是","2020-12-01","2021-02-28"]
[32,"临江公司","生产工具","钢丝钳","生产使用","世达，型号93504","把",5,0.1,"是","2020-12-01","2021-02-28"]
[33,"临江公司","生产工具","304不锈钢取样钎","生产使用","长度70cm，宽度2.8cm，木柄","把",20,0.1,"是","2020-12-01","2021-02-28"]
[34,"临江公司","生产工具","泵式取样器（抽油器）","生产使用","PE材质，长度55cm","根",100,0.08,"是","2020-12-01","2021-02-28"]
[35,"临江公司","生产工具","手动抽油器","生产使用","手摇式抽油器；","把",10,0.2,"是","2020-12-01","2021-02-28","车辆加油使用"]
[36,"临江公司","生产工具","油壶","生产使用","1、不锈钢长嘴手提式加油壶；\n2、带滤网；\n3、10L。","只",10,0.1,"是","2020-12-01","2021-02-28"]
[37,"临江公司","生产工具","一字穿心螺丝刀","生产使用","8*250，世达 61608","把",10,0.05,"是","2020-12-01","2021-02-28"]
[38,"临江公司","生产工具","裁缝剪刀","生产使用","10寸，张小泉，DC-10","把",100,0.1,"是","2020-12-01","2021-02-28"]
[39,"临江公司","生产工具","十字穿心螺丝刀","生产使用","8*250，世达61708；","把",10,0.05,"是","2020-12-01","2021-02-28"]
[{"$nulls":8},{"$f":"SUM(I3:I41)","v":24.9725}]

{"sheet":"2021年临江三固生产耗材采购计划","index":1,"n_rows":16,"n_cols":10,"rows_kept":16,"merged":[[0,0,0,9]]}
["2021年临江三固生产耗材明细清单\n                                                                            "]
["序号","采购内容","要求","单位","数量","单价","金额","最高限价","最高限额（元）","备注"]
[1,"透明胶带","100m*5cm*2.5mm、透明白\n","卷",1500,null,null,7,{"$f":"H3*E3","v":10500}]
[2,"黄色胶带","100m*5cm*2.5mm、米黄色不透明","卷",500,null,null,7,{"$f":"H4*E4","v":3500}]
[3,"红色胶带","100m*5cm*2.5mm、红色色不透明","卷",100,null,null,70,7000]
[4,"笤帚","普通塑料扫帚。","把",245,null,null,8,1960]
[5,"簸箕","普通塑料簸箕；","把",250,null,null,12,3000]
[6,"拖把","平板拖把，大号；","把",150,null,null,30,4500]
[7,"拖把","普通拖把；","把",100,null,null,30,3000]
[8,"刮水器","60cm，硅胶不锈钢刮头，长杆；","把",65,null,null,45,2925]
[9,"刮水器","75cm，硅胶不锈钢刮头，长杆；","把",50,null,null,36,1800]
[10,"DN50软管","DN50，厚3mm、透明，耐酸碱，耐油钢丝软管","米",90,null,null,30,2700]
[11,"DN80软管","DN80，厚3mm、透明，耐酸碱，耐油钢丝软管","米",98,null,null,30,2940]
[12,"DN20软管","DN20，厚3mm、透明，耐酸碱，耐油钢丝软管","米",80,null,null,30,2400]
[13,"DN25软管","DN25，厚3mm、透明，耐酸碱，耐油钢丝软管","米",100,null,null,30,3000]
[14,"合计",{"$nulls":4},{"$f":"SUM(G3:G15)","v":0},null,{"$f":"SUM(I3:I15)","v":49225}]